000 00307nam a22001457a 4500
008 230524b ||||| |||| 00| 0 eng d
020 _a9782211067690
041 _aFRA
080 _a82
082 _a82LAU
100 _a38
101 _aGJL
245 _aLE SECRET DE LOLA
_cLAUFER .D
942 _2udc
_cBK
999 _c59805
_d59805